000 00432nam a2200121Ia 4500
008 220620s9999||||xx |||||||||||||| ||und||
100 _aTaner Yonar
245 0 _aWastewater and Water Quality
546 _aEnglish[eng]
650 _aPhysical Sciences||Engineering and Technology||Technology||Wastewater Engineering||Environmental Engineering
856 _uhttps://www.intechopen.com/books/wastewater-and-water-quality
942 _cEB
999 _c25001
_d25001